Migrácia a voľný pohyb osôb v EÚ diplomová práca

Na minha lista:
Detalhes bibliográficos
Autor principal: Pavlíková, Barbora
Autor Corporativo: Národohospodárska fakulta EU. Katedra sociálneho rozvoja a práce
Outros Autores: Rievajová, Eva
Formato: Livro
Idioma:eslovaco
Publicado em: Bratislava 2009
Tags: Adicionar Tag
Sem tags, seja o primeiro a adicionar uma tag!

MARC

LEADER 00000nam$a2200000$$$4500
001 0095806
005 20240318140511.3
041 0 |a slo 
044 |a SK 
245 1 0 |a Migrácia a voľný pohyb osôb v EÚ  |b diplomová práca  |c Barbora Pavlíková ; škol. Eva Rievajová 
264 1 |a Bratislava  |c 2009 
300 |a 80 s. 
100 1 |a Pavlíková, Barbora 
700 1 |a Rievajová, Eva 
710 2 |a Národohospodárska fakulta EU. Katedra sociálneho rozvoja a práce